Paroles - Mon beau sapin - Statistiques

Statistiques générales
  • Ce quiz a été pris 983 fois
  • Le résultat moyen est 46 sur 101
Statistiques - réponses
Mot % Correct
M'
100%
sapin,
100%
beau
99%
Mon
99%
De
98%
de
98%
des
97%
Roi
97%
forêts
96%
j'
90%
Que
89%
que
89%
ta
89%
aime
87%
verdure.
78%
l'
69%
et
47%
Et
47%
hiver
46%
Quand
41%
la
40%
Noël
38%
par
37%
Par
37%
Tu
37%
ne
36%
ma
29%
Sont
28%
sont
28%
les
27%
Bois
26%
parure.
26%
leur
25%
leurs
23%
tes
23%
Tes
23%
nous
22%
attraits
21%
dépouillés
20%
Au
19%
qui
19%
Toi
19%
gardes
17%
guérêts
16%
ils
15%
chez
13%
anniversaire
11%
Planta
11%
verts
11%
Comme
10%
saint
10%
doux
8%
joujoux
8%
bonbons
7%
Joli
7%
jamais
6%
sommets
6%
douce
5%
mère
5%
fidèle
4%
foi
4%
ment
4%
ombrage
4%
paix
4%
constance
3%
image.
3%
mains
3%
offrent
3%
Aucun quiz correspondant
Distribution des résultats
% des personnes avec chaque résultat
Percentile par nombre de réponses
Votre historique - résultats
Vous n’avez pas pris ce quiz